[Event "Eq:CONFOEDERATIONIS HELVETICAE-Slap Shot Mates : "]
[Site "www.chess-mail.com"]
[Date "2014.12.21"]
[Round "1"]
[White "Gallows"]
[Black "Buliland"]
[WhiteElo "2440"]
[BlackElo "2359"]
[Result "0-1"]
[Round "1"]
1.d4 Ng8f6
2.c4 g6
3.Nb1c3 Bf8g7
4.e4 d6
5.f3 O-O
6.Bc1e3 Nb8c6
7.Qd1d2 a6
8.Ng1e2 Ra8b8
9.a3 e5
10.d5 Nc6e7
11.h4 b5
12.Ne2g3 c6
13.dxc6 bxc4
14.Bf1xc4 Ne7xc6
15.h5 Nc6a5
16.Bc4a2 Na5b3
17.Ba2xb3 Rb8xb3
18.Ra1d1 Qd8d7
19.h6 Bg7h8
20.Ng3e2 Qd7e6
21.Be3g5 a5
22.Ne2c1 Rb3b6
23.O-O Bc8a6
24.Nc3a4 Rb6c6
25.Rf1f2 Nf6h5
26.Na4c3 f6
27.Bg5e3 f5
28.Nc3d5 Bh8f6
29.Qd2xa5 Bf6d8
30.Qa5a4 Qe6e8
31.Nd5c3 f4
32.Be3a7 Ba6c4
33.Rf2d2 Bd8e7
34.Ba7f2 g5
35.Nc1d3 Nh5g3
36.Rd1e1 g4
37.fxg4 Be7g5
38.Rd2d1 Qe8c8
39.Nc3d5 Bc4xd5
40.exd5 Rc6c4
41.Qa4b3 f3
42.Bf2xg3 Rc4xg4
43.Kf2 Qc8f5
44.Nd3xe5 Rg4xg3
45.Ne5xf3 Bg5h4
46.Kg1 Qf5g4
{ resign }
0-1

[Event "Eq:Angels of Checkmate-BEAC Hungary : "]
[Site "www.chess-mail.com"]
[Date "2014.12.21"]
[Round "1"]
[White "Sneige"]
[Black "Stevefillion"]
[WhiteElo "2270"]
[BlackElo "2250"]
[Result "0-1"]
[Round "1"]
1.d4 Ng8f6
2.c4 e6
3.Ng1f3 d5
4.Nb1c3 c5
5.e3 Nb8c6
6.Bf1e2 dxc4
7.Be2xc4 a6
8.a4 Bf8e7
9.O-O O-O
10.b3 cxd4
11.exd4 Qd8a5
12.Bc1b2 Rf8d8
13.Nc3e2 Nf6d5
14.Bc4xd5 Qa5xd5
15.Ra1c1 Bc8d7
16.Ne2c3 Qd5a5
17.Rf1e1 Bd7e8
18.Qd1d3 e5
19.d5 f6
20.Qd3e4 Nc6b4
21.Re1d1 Be8g6
22.Qe4g4 Nb4d3
23.Rd1xd3 Bg6xd3
24.d6 Rd8xd6
25.Bb2a3 f5
 { time }
0-1

[Event "Eq:Creusers-Team USA : "]
[Site "www.chess-mail.com"]
[Date "2014.12.21"]
[Round "1"]
[White "Tomcapp"]
[Black "Danse"]
[WhiteElo "1450"]
[BlackElo "1970"]
[Result "0-1"]
[Round "1"]
1.e4 e5
2.Ng1f3 Nb8c6
3.Bf1b5 a6
4.Bb5xc6 dxc6
5.d3 Bf8d6
6.Nb1c3 Ng8f6
7.Bc1g5 h6
8.Bg5xf6 Qd8xf6
9.a3 Bc8g4
10.b4 Bg4xf3
11.Qd1xf3 Qf6xf3
12.gxf3 O-O-O
13.h4 c5
14.bxc5 Bd6xc5
15.Nc3d5 c6
16.Nd5c3 Bc5d4
17.Ra1b1 Bd4xc3
18.Kf1 Rd8d4
19.h5 Rd4a4
20.Kg2 Ra4xa3
21.Kg3 Ra3a2
22.Rb1b3 Bc3d4
23.Rh1b1 b6
24.Kg4 Bd4xf2
25.c3 Kc7
26.d4 exd4
27.Rb3xb6 dxc3
28.Rb6b7 Kd6
29.Rb1d1 Kc5
30.e5 c2
31.Rd1c1 Bf2e3
32.Rb7b3 Be3xc1
33.Rb3c3 Kd5
34.Rc3d3 Kxe5
35.f4 Ke4
36.Rd3f3 Bc1d2
37.f5 c1Q
38.f6 Qc1d1
39.fxg7 Qd1xf3
40.Kh4 Bd2e1

0-1

[Event "Fast Game"]
[Site "www.echecsemail.com"]
[Date "2014.12.21"]
[Round "1"]
[White "Cardiff"]
[Black "Attatroll"]
[WhiteElo "1740"]
[BlackElo "1810"]
[Result "0-1"]
[Round "1"]
1.c4 f5
2.g3 Ng8f6
3.Bf1g2 c6
4.b3 g6
5.Bc1b2 Bf8g7
6.d4 O-O
7.Ng1f3 d6
8.O-O h6
9.Qd1c2 Nb8a6
10.Nb1d2 Na6b4
11.Qc2d1 Bc8d7
12.a3 Nb4a6
13.Qd1c2 Na6c7
14.b4 a6
15.Rf1e1 b5
16.Ra1c1 Ra8c8
17.Qc2b3 Kh7
18.e4 fxe4
19.Nd2xe4 Nf6xe4
20.Re1xe4 bxc4
{ resign }
0-1

[Event "Fast Game"]
[Site "www.echecsemail.com"]
[Date "2014.12.21"]
[Round "1"]
[White "Fkarpov"]
[Black "Tenzinnima"]
[WhiteElo "1800"]
[BlackElo "1819"]
[Result "1/2-1/2"]
[Round "1"]
1.e4 c5
2.Ng1f3 g6
3.Bf1c4 Bf8g7
4.c3 Nb8c6
5.O-O Ng8f6
6.d3 O-O
7.Bc1e3 b6
8.Nb1d2 d5
9.Bc4b5 Bc8b7
10.Bb5xc6 Bb7xc6
11.e5 Nf6g4
12.Be3f4 e6
13.h3 Ng4h6
14.Bf4g5 Qd8c7
15.d4 Bc6b5
16.Rf1e1 Nh6f5
17.g4 Nf5e7
18.Qd1b3 Bb5a6
19.Bg5xe7 Qc7xe7
20.Qb3a4 Ba6b7
21.Qa4d1 Ra8c8
22.a4 a5
23.Nd2f1 cxd4
24.cxd4 Qe7b4
25.b3 Rc8c3
26.Re1e3 Rf8c8
27.Re3xc3 Rc8xc3
28.Nf1d2 Bb7a6
29.Ra1c1 Bg7h6
30.Rc1xc3 Qb4xc3
31.g5 Bh6f8
32.Kg2 Bf8b4
33.h4 Qc3d3
34.Qd1f1 Bb4c3
35.Qf1xd3 Ba6xd3
36.Kg3 Kf8
37.Kf4 Ke7
38.Ke3 Bd3f5
39.Nf3e1 Kd7
40.Ne1d3 Kc6
41.Nd2b1 Bc3b4
42.Nd3xb4 axb4
43.Nb1d2 Kb7
44.f3 Ka6
45.Ke2 Bf5c2
46.Kf2 Ka5
47.Ke3 b5
48.axb5 Kxb5
49.f4 Bc2xb3
50.Nd2xb3 Kc4
51.Nb3c5 Kc3
52.Nc5a4 Kb3
53.Na4c5 Kb2
54.Kd2 b3
55.Nc5d3 Ka2
56.Kc3 Ka3
57.Nd3b2 Ka2
58.Nb2d1 Ka3
59.Kd3 Ka4
{ draw }
1/2-1/2

[Event "Tourn. n7914"]
[Site "www.chess-mail.com"]
[Date "2014.12.22"]
[Round "1"]
[White "Masti"]
[Black "Stevo100"]
[WhiteElo "1960"]
[BlackElo "1970"]
[Result "0-1"]
[Round "1"]
1.e4 e6
2.d4 d5
3.Nb1c3 Ng8f6
4.Bc1g5 Bf8e7
5.e5 Nf6d7
6.Bg5xe7 Qd8xe7
7.f4 O-O
8.Ng1f3 c5
 { time }
0-1

[Event "Tourn. n7905"]
[Site "www.chess-mail.com"]
[Date "2014.12.22"]
[Round "1"]
[White "Averoes"]
[Black "Vite"]
[WhiteElo "2110"]
[BlackElo "2040"]
[Result "1-0"]
[Round "1"]
1.d4 d5
2.c4 c6
3.Ng1f3 Bc8g4
4.Nf3e5 Bg4h5
5.g4 Bh5g6
6.Nb1c3 Ng8f6
7.h4 Bg6e4
8.f3 Be4xf3
9.exf3 e6
10.Bf1d3 Bf8d6
11.Bc1f4 Nb8d7
12.Qd1e2 Qd8a5
13.O-O Ke7
14.Bf4h2 h6
15.Ne5xd7 Nf6xd7
16.cxd5 cxd5
17.f4 Qa5c7
18.Nc3xd5 { resign }
1-0

[Event "Tourn. n7810"]
[Site "www.chess-mail.com"]
[Date "2014.12.22"]
[Round "1"]
[White "Andychesston"]
[Black "Norlavuaram"]
[WhiteElo "1950"]
[BlackElo "2080"]
[Result "0-1"]
[Round "1"]
1.e4 e6
2.d4 d5
3.e5 c5
4.Ng1f3 Nb8c6
5.Bc1e3 cxd4
6.Nf3xd4 Bc8d7
7.Bf1e2 f5
8.f4 Ng8h6
9.h3 Bf8e7
10.a3 O-O
11.b4 Be7h4
12.Kd2 Ra8c8
13.Nd4b5 Bh4e7
14.Nb5xa7 d4
15.Na7xc6 dxe3
16.Kxe3 Rc8xc6
17.Be2f3 Qd8b6
 { time }
0-1

[Event "Tourn. n7830"]
[Site "www.chess-mail.com"]
[Date "2014.12.22"]
[Round "1"]
[White "Osopanda"]
[Black "Andychesston"]
[WhiteElo "1900"]
[BlackElo "1860"]
[Result "1-0"]
[Round "1"]
1.c4 e5
2.Nb1c3 Ng8f6
3.g3 d5
4.cxd5 Nf6xd5
5.Bf1g2 Bc8e6
6.Ng1f3 Nb8c6
7.e4 Nd5f6
8.d3 Bf8e7
9.O-O O-O
10.Nf3g5 Nc6d4
11.Ng5xe6 Nd4xe6
12.f3  { time }
1-0

[Event "Tourn. n7664"]
[Site "www.chess-mail.com"]
[Date "2014.12.22"]
[Round "1"]
[White "Stepanpech"]
[Black "Szustan"]
[WhiteElo "2740"]
[BlackElo "2570"]
[Result "0-1"]
[Round "1"]
1.c4 e5
2.Nb1c3 Ng8f6
3.Ng1f3 Nb8c6
4.g3 d5
5.cxd5 Nf6xd5
6.Bf1g2 Nd5b6
7.O-O Bf8e7
8.d3 O-O
9.Bc1e3 Bc8e6
10.Ra1c1 a5
11.d4 exd4
12.Nf3xd4 Nc6xd4
13.Be3xd4 c6
14.f4 Be7f6
15.Bd4f2 Nb6d5
16.Nc3xd5 Be6xd5
17.Bg2xd5 cxd5
18.Rc1c5 d4
19.Qd1d3 Qd8b6
20.Rf1c1 Qb6xb2
21.Rc1c2 Qb2b6
22.Qd3b5 Qb6e6
23.Qb5xb7 Ra8b8
24.Qb7f3 a4
25.Qf3d3 Rf8d8
26.Kg2 a3
27.Rc5c6 Qe6e7
28.Rc6c7 Qe7d6
29.Rc7c6 Qd6e7
30.Rc6c7 Qe7d6
31.e4 Rb8b2
32.Rc2c6 Qd6f8
 { time }
0-1

[Event "Tourn. n7844"]
[Site "www.chess-mail.com"]
[Date "2014.12.22"]
[Round "1"]
[White "Alvarin111"]
[Black "Bojan"]
[WhiteElo "2100"]
[BlackElo "2000"]
[Result "0-1"]
[Round "1"]
1.e4 g6
2.d4 Bf8g7
3.Ng1f3 d5
4.e5 f6
5.Bc1f4 e6
6.Nb1d2 Nb8d7
7.Bf1d3 c5
8.c3 c4
9.Bd3e2 Ng8e7
10.O-O Ne7c6
11.Qd1a4 O-O
12.b3 fxe5
13.Bf4xe5 Nd7xe5
14.dxe5 Bc8d7
15.Qa4b5 Nc6d4
16.Qb5xb7 Nd4xe2
17.Kh1 cxb3
18.axb3 a5
19.c4 dxc4
20.bxc4 Rf8f4
21.c5 Rf4b4
22.c6 Rb4xb7
23.cxb7 Ra8a7
24.Rf1b1 Qd8b8
25.Ra1a3 Ra7xb7
26.Ra3b3 Rb7xb3
27.Rb1xb3 Qb8c7
28.Rb3b1 Bg7xe5
29.g3 Bd7c6
30.Kg2 Bc6xf3
31.Nd2xf3 Ne2xg3
32.hxg3 Be5xg3
33.Kh3 Bg3xf2
34.Nf3g5 Qc7g3

0-1

[Event "Tourn. n7950"]
[Site "www.chess-mail.com"]
[Date "2014.12.22"]
[Round "1"]
[White "Luban"]
[Black "Krasin"]
[WhiteElo "2160"]
[BlackElo "2230"]
[Result "0-1"]
[Round "1"]
1.d4 Ng8f6
2.c4 g6
3.Nb1c3 d5
4.e3 Bf8g7
5.h3 O-O
6.Ng1f3 c5
7.dxc5 Qd8a5
8.Bc1d2 Qa5xc5
9.cxd5 Nf6xd5
10.Ra1c1 Bg7xc3
11.Bd2xc3 Nd5xc3
12.Rc1xc3 Qc5a5
13.a3 Nb8c6
14.Bf1d3 Rf8d8
15.Qd1c2 e5
16.O-O Bc8d7
17.b4 Qa5b6
18.b5 Nc6a5
19.a4 Rd8e8
20.Rf1c1 Ra8d8
21.Bd3c4 Na5xc4
22.Rc3xc4 Qb6f6
23.Nf3d2 Bd7f5
24.e4 Bf5xh3
25.gxh3 Qf6g5
26.Kh2 Rd8xd2
{ resign }
0-1

[Event "Tourn. n7941"]
[Site "www.chess-mail.com"]
[Date "2014.12.22"]
[Round "1"]
[White "Krasin"]
[Black "Luban"]
[WhiteElo "2170"]
[BlackElo "2200"]
[Result "1/2-1/2"]
[Round "1"]
1.d4 d5
2.c4 e6
3.Nb1c3 Ng8f6
4.Ng1f3 h6
5.Bc1f4 a6
6.Qd1c2 dxc4
7.e4 b5
8.e5 Nf6d5
9.Nc3xd5 Qd8xd5
10.Bf1e2 c5
11.dxc5 Bf8xc5
12.O-O Bc8b7
13.Nf3e1 Qd5d7
14.Ra1d1 Qd7e7
15.Be2f3 Nb8c6
16.Qc2e4 O-O
17.Ne1c2 Ra8b8
18.Qe4e2 Rf8d8
19.Rd1d6 Bc5xd6
20.exd6 Rd8xd6
21.a4 Nc6d4
22.Nc2xd4 Rd6xd4
23.Bf4xb8 Bb7xf3
24.Qe2xf3 b4
25.Bb8e5 Rd4d5
26.Qf3e4 Qe7c5
27.h3 Rd5xe5
28.Qe4a8 Kh7
29.Qa8xa6 Re5e2
30.Qa6b5 Qc5xb5
31.axb5 Re2e5
32.Rf1c1 c3
33.bxc3 bxc3
34.Rc1xc3 Re5xb5
35.g3 f5
36.Kg2 g5
37.f4 Kg6
38.Rc3e3 Kf6
39.Kf3 e5
40.fxe5 Rb5xe5
41.Re3b3 h5
42.Rb3b6 Re5e6
43.Rb6b4 g4
44.hxg4 hxg4
45.Kf4 Kg6
46.Rb4c4 Re6a6
47.Rc4b4 Ra6a3
48.Rb4b6 Kh5
49.Rb6b8 Ra3f3
50.Ke5 Kg6
51.Rb8b6 Kh5
52.Rb6b8 Kg6
{ draw }
1/2-1/2

[Event "Tourn. n7935"]
[Site "www.chess-mail.com"]
[Date "2014.12.22"]
[Round "1"]
[White "Apdash"]
[Black "Tenzinnima"]
[WhiteElo "2170"]
[BlackElo "2050"]
[Result "0-1"]
[Round "1"]
1.d4 Ng8f6
2.c3 e6
3.Nb1d2 c5
4.Ng1f3 Nb8c6
5.e3 b6
6.g3 Bf8e7
7.Bf1g2 Bc8a6
8.Nf3e5 Ra8c8
9.Ne5xc6 dxc6
10.Qd1a4 Ba6b5
11.Qa4c2 O-O
12.c4 cxd4
13.cxb5 dxe3
14.fxe3 cxb5
15.Qc2b3 Be7c5
16.Nd2f3 Nf6d5
17.Ke2 Qd8c7
18.Qb3xb5 Bc5b4
19.Nf3d4 Bb4c3
20.Bg2xd5 Bc3xd4
21.exd4 Qc7c2
22.Bc1d2 exd5
23.Ra1c1 Rf8e8
24.Kf3 Qc2e4
25.Kf2 Qe4xd4
26.Kf3 Qd4xd2
27.Rc1xc8 Qd2e3
28.Kg2 Qe3e4
29.Kf2 Re8xc8
30.Rh1e1 Rc8c2
31.Re1e2 Rc2xe2
32.Qb5xe2 f5
33.Qe2a6 d4
34.Qa6xa7 Qe4e3
35.Kg2 d3
36.Qa7b8 Kf7
37.Qb8c7 Kf6
38.Qc7d6 Kg5
39.Qd6d8 Kh6
40.Qd8d6 Kh5
41.h3 d2
42.g4 Kh4
43.Qd6d8 g5
{ resign }
0-1

[Event "Tourn. n7870"]
[Site "www.chess-mail.com"]
[Date "2014.12.22"]
[Round "1"]
[White "Fanny33"]
[Black "Roqueur"]
[WhiteElo "2670"]
[BlackElo "2540"]
[Result "1-0"]
[Round "1"]
1.f4 d5
2.Ng1f3 g6
3.g3 Bf8g7
4.Bf1g2 Ng8f6
5.O-O O-O
6.d3 c5
7.c3 Nb8c6
8.Nb1a3 a6
9.Qd1e1 Qd8c7
10.e4 dxe4
11.dxe4 Rf8d8
12.e5 Nf6d5
13.Nf3g5 h6
14.Ng5e4 b6
15.Bc1d2 Bc8g4
16.h3 Bg4e6
17.Ra1d1 Ra8b8
18.g4 Be6c8
19.Bd2c1 e6
20.Na3c4 a5
21.Nc4d6 Bc8a6
22.Rf1f2 c4
23.g5 h5
24.Ne4f6 Nd5xf6
25.gxf6 Bg7f8
26.Rf2d2 Ba6b7
27.Qe1g3 Rd8d7
28.f5 Nc6xe5
29.Qg3xe5 exf5
30.Bg2xb7 Rb8xb7
31.Rd2d5 Bf8xd6
32.Rd5xd6 Rd7xd6
33.Rd1xd6 Qc7c8
34.Bc1e3 b5
35.Qe5d5 Rb7b8
36.Rd6d7 Qc8f8
37.Be3f4 Rb8c8
38.Bf4d6 Qf8e8
39.Rd7e7 Qe8f8
40.Qd5xb5 Qf8h6
41.Re7e2 Qh6g5
42.Kh2 Rc8d8
43.Qb5xc4 Qg5xf6
44.Bd6e7 { resign }
1-0

[Event "Tourn. n7893"]
[Site "www.chess-mail.com"]
[Date "2014.12.22"]
[Round "1"]
[White "Woodpusher2"]
[Black "Winterlude"]
[WhiteElo "2440"]
[BlackElo "2540"]
[Result "0-1"]
[Round "1"]
1.d4 d5
2.Nb1c3 Ng8f6
3.Bc1g5 c5
4.e4 Nf6xe4
5.Nc3xe4 dxe4
6.d5 h6
7.Bg5e3 Qd8b6
8.Ra1b1 e5
9.Ng1e2 Qb6g6
10.Ne2c3 a6
11.h4 h5
12.f3 Bc8f5
13.fxe4 Bf5xe4
14.Nc3xe4 Qg6xe4
15.Qd1d3 Qe4xd3
16.Bf1xd3 g6
17.Rb1d1 Bf8d6
18.g3 Nb8d7
19.O-O f5
20.Kg2 e4
21.Bd3e2 O-O-O
22.Be3g5 Rd8e8
23.a4 Bd6e5
24.c3 Kc7
25.Rd1d2 Kd6
26.a5 Rh8f8
27.Be2c4 Rf8f7
28.Bg5e3 Re8f8
29.Rd2f2 Be5f6
30.Be3f4 Nd7e5
31.Rf1d1 Rf8c8
32.b3 Rf7g7
33.Kf1 Kd7
34.Rf2c2 Ne5g4
35.Bc4e2 Bf6e5
36.Be2xg4 Be5xf4
37.gxf4 hxg4
38.Kg2 Rg7h7
39.Rd1h1 c4
40.b4 Rc8h8
41.Kg3 Rh8d8
42.Rc2d2 Kd6
{ resign }
0-1

[Event "Tourn. n7924"]
[Site "www.chess-mail.com"]
[Date "2014.12.22"]
[Round "1"]
[White "Cardiff"]
[Black "Attatroll"]
[WhiteElo "2070"]
[BlackElo "2020"]
[Result "1-0"]
[Round "1"]
1.Ng1f3 d5
2.c4 d4
3.b4 e6
4.Bc1b2 Bf8xb4
5.Bb2xd4 Ng8f6
6.e3 O-O
7.a3 Bb4a5
8.Bf1e2 c6
9.O-O Nb8d7
10.Bd4c3 Ba5xc3
11.Nb1xc3 Nd7b6
12.d4 Bc8d7
13.a4 Bd7e8
14.Nf3e5 Nf6d7
15.Ne5xd7 Be8xd7
16.a5 Nb6c8
17.Nc3e4 Qd8h4
18.Ne4g3 Nc8d6
19.Qd1b3 Ra8b8
20.Be2f3 Nd6f5
21.Ng3xf5 exf5
22.g3 Qh4f6
23.d5 g5
24.dxc6 Bd7xc6
25.Bf3d5 Bc6xd5
26.cxd5 Rf8d8
27.Ra1d1 Qf6e5
28.Rd1d2 f4
29.exf4 gxf4
30.Qb3f3 fxg3
31.fxg3 Rd8d7
32.Qf3g4 Kf8
33.Qg4xd7 Qe5e3
34.Rd2f2 { resign }
1-0

[Event "Tourn. n7855"]
[Site "www.chess-mail.com"]
[Date "2014.12.22"]
[Round "1"]
[White "Neo"]
[Black "Pablincho"]
[WhiteElo "1770"]
[BlackElo "1890"]
[Result "1-0"]
[Round "1"]
1.d4 e6
2.e4 Bf8e7
3.g3 f5
4.e5 Nb8c6
5.Ng1e2 d6
6.exd6 cxd6
7.Bf1g2 Ng8f6
8.c3 O-O
9.O-O d5
10.b4 a6
11.a3 b5
12.Ne2f4 Qd8e8
13.Nb1d2 a5
14.Nd2b3 axb4
15.cxb4 Nf6e4
16.Bc1b2 Be7f6
17.Ra1c1 e5
18.dxe5 Nc6xe5
19.Qd1xd5 Qe8f7
20.Qd5xa8 Bc8b7
21.Qa8a7 Ne5d3
22.Nf4xd3 Qf7xb3
23.Bb2xf6 Qb3xd3
24.Bf6e7 Rf8c8
25.Qa7xb7 { resign }
1-0

[Event "Tourn. n7915"]
[Site "www.chess-mail.com"]
[Date "2014.12.22"]
[Round "1"]
[White "Krasin"]
[Black "Apdash"]
[WhiteElo "2280"]
[BlackElo "2130"]
[Result "0-1"]
[Round "1"]
1.e4 c5
2.Ng1f3 d6
3.d4 cxd4
4.Nf3xd4 Nb8c6
5.Bf1c4 Ng8f6
6.Nb1c3 e6
7.O-O Bf8e7
8.Kh1 O-O
9.Bc1e3 Nc6e5
10.Bc4b3 Ne5g4
11.Qd1d2 a6
12.f4 e5
13.Nd4e2 Ng4xe3
14.Qd2xe3 exf4
15.Ne2xf4 Bc8d7
16.Rf1f3 Nf6g4
17.Qe3e2 Be7f6
18.Nc3d5 Bf6xb2
19.Ra1b1 Bb2e5
20.Rf3g3 Ng4f6
21.Rb1f1 Kh8
22.Nd5xf6 Be5xf6
23.Nf4h5 Bf6e5
24.Nh5f4 g5
25.Nf4h5 Be5xg3
26.Nh5xg3 Bd7e6
27.Qe2e3 Qd8e7
28.Qe3d4 f6
29.Ng3h5 Be6xb3
30.cxb3 Qe7e5
31.Qd4b6 Rf8f7
32.Nh5g3 Qe5c5
33.Qb6xc5 dxc5
34.e5 f5
35.Ng3xf5 h5
36.e6 Rf7f6
37.h3 Rf6xe6
38.Rf1d1 Ra8f8
39.g4 Rf8f7
40.Rd1d5 hxg4
41.hxg4 Rf7c7
42.Rd5d2 b5
43.Kg2 c4
44.bxc4 bxc4
45.Rd2c2 Re6e4
46.Kg3 c3
47.Kf3 Re4f4
48.Kg3 Rf4b4
49.Kf3 Rb4b2
50.Nf5e3 Rb2xc2
51.Ne3xc2 Rc7d7
52.Ke3 Rd7d2
53.Nc2b4 a5
{ resign }
0-1

[Event "Tourn. n7872"]
[Site "www.chess-mail.com"]
[Date "2014.12.22"]
[Round "1"]
[White "Bojan"]
[Black "Churrasca"]
[WhiteElo "2020"]
[BlackElo "2100"]
[Result "0-1"]
[Round "1"]
1.c4 e5
2.Nb1c3 Ng8f6
3.e3 Nb8c6
4.Bf1d3 d5
5.cxd5 Nf6xd5
6.Ng1e2 Nd5b4
7.Bd3e4 Nb4d3
8.Be4xd3 Qd8xd3
9.Qd1a4 a6
10.a3 Bc8d7
11.Qa4e4 Bd7f5
12.Qe4xd3 Bf5xd3
13.b4 Bf8e7
14.Nc3d1 O-O-O
15.Nd1b2 Bd3xe2
16.Kxe2 Rd8d7
17.Nb2c4 Rh8d8
18.Rh1d1 b5
19.Nc4b2 Rd7d5
20.d3 a5
21.bxa5 Nc6xa5
22.a4 bxa4
23.Ra1xa4 Kd7
24.Bc1d2 Na5b3
25.Bd2c3 f6
26.Ra4a7 Rd8b8
27.Nb2c4 Rd5b5
28.e4 Be7c5
29.Nc4e3 Bc5xa7
30.Ne3c4 Nb3d4
31.Kd2 Rb5b1
32.Rd1xb1 Rb8xb1
33.h4 Rb1f1
34.f3 Rf1f2
{ resign }
0-1

[Event "Tourn. n7747"]
[Site "www.chess-mail.com"]
[Date "2014.12.22"]
[Round "1"]
[White "Georgepapi"]
[Black "Tomcapp"]
[WhiteElo "1409"]
[BlackElo "1470"]
[Result "1-0"]
[Round "1"]
1.e4 e5
2.Ng1f3 Nb8c6
3.Bf1c4 Ng8f6
4.Nf3g5 d5
5.exd5 Nc6b4
6.d6 Bf8xd6
7.Ng5xf7 Qd8d7
8.Nf7xh8 Qd7f5
9.Bc4f7 Kd8
10.Bf7b3 Bc8e6
11.Nh8f7 Be6xf7
12.d3 Bd6c5
13.O-O Nf6g4
14.Bc1d2 Ng4xf2
15.Qd1f3 Nf2g4
16.Kh1 Qf5h5
17.h3 Ng4f2
18.Rf1xf2 Qh5xf3
19.Rf2xf3 Bf7xb3
20.Bd2xb4 Bc5xb4
21.axb3 Ke8
22.Nb1c3 Bb4xc3
23.bxc3 c5
24.Ra1f1 a5
25.Rf3f8 Kd7
26.Rf8xa8 g5
27.Ra8xa5 Ke6
28.Ra5xc5 h5
29.Rf1e1 h4
30.Re1xe5 Kd6
31.Re5xg5 b6
32.Rc5f5 b5
33.Rg5g6 Ke7
34.Rf5xb5 Kf7
35.Rg6a6 Ke8
36.Rb5b7 { resign }
1-0

[Event "Tourn. n7831"]
[Site "www.chess-mail.com"]
[Date "2014.12.22"]
[Round "1"]
[White "Pgcbies"]
[Black "Szustan"]
[WhiteElo "2740"]
[BlackElo "2600"]
[Result "1-0"]
[Round "1"]
1.e4 e5
2.Ng1f3 Nb8c6
3.Bf1c4 Ng8f6
4.Nf3g5 d5
5.exd5 b5
6.Bc4f1 Nc6d4
7.c3 Nf6xd5
8.cxd4 Qd8xg5
9.Bf1xb5 Kd8
10.O-O Bc8b7
11.Qd1f3 Ra8b8
12.dxe5 Nd5e3
13.Qf3h3 Qg5xg2
14.Qh3xg2 Ne3xg2
15.d4 f6
16.Bb5e2 g5
17.exf6 Ng2f4
18.Bc1xf4 gxf4
19.Be2c4 h5
20.Rf1e1 Bb7c6
21.b3 Rh8h6
22.f7 Bf8g7
23.Nb1c3 Rh6g6
24.Kf1 Bc6g2
25.Ke2 Ke7
26.f3 c6
27.Kf2 Kf8
28.Nc3e2 Bg2h3
29.Ne2xf4 Bg7xd4
30.Ke2 Bh3f5
31.Nf4xg6 Bf5xg6
32.Ra1c1 c5
33.f4 Bg6xf7
34.Bc4xf7 Kxf7
35.Kf3 a5
36.Rc1c4 Rb8b4
37.Rc4xb4 cxb4
38.Re1d1 { resign }
1-0

[Event "Tourn. n7917"]
[Site "www.chess-mail.com"]
[Date "2014.12.22"]
[Round "1"]
[White "Asoka"]
[Black "Jpmartinez"]
[WhiteElo "2650"]
[BlackElo "2630"]
[Result "1/2-1/2"]
[Round "1"]
1.d4 Ng8f6
2.c4 e6
3.Ng1f3 c5
4.d5 exd5
5.cxd5 d6
6.Nb1c3 g6
7.e4 Bf8g7
8.h3 Nb8d7
9.Bf1d3 a6
10.a4 Nf6h5
11.Bc1g5 Bg7f6
12.Bg5h6 Bf6g7
13.Bh6g5 Bg7f6
14.Bg5h6 { draw }
1/2-1/2

[Event "Tourn. n7755"]
[Site "www.chess-mail.com"]
[Date "2014.12.22"]
[Round "1"]
[White "Anja"]
[Black "Kakel"]
[WhiteElo "1480"]
[BlackElo "1410"]
[Result "1-0"]
[Round "1"]
1.e4 d6
2.d4 Ng8f6
3.Nb1c3 c6
4.Ng1f3 Bc8g4
5.Bf1e2 e6
6.Bc1g5 Bf8e7
7.h3 Bg4h5
8.Qd1d2 a6
9.O-O-O d5
10.e5 Nf6d7
11.Bg5xe7 Qd8xe7
12.g4 Bh5g6
13.h4 h5
14.Nf3g5 c5
15.f4 cxd4
16.Qd2xd4 Nb8c6
17.Qd4f2 d4
18.Nc3e4 O-O-O
19.gxh5 Bg6xh5
20.Be2xh5 Rh8xh5
21.Ne4d6 Kb8
22.Ng5xf7 Rd8f8
23.Qf2e2 Rh5xh4
24.Rh1xh4 Qe7xh4
25.Qe2e4 Nd7c5
26.Qe4f3 Qh4e7
27.Qf3h5 Nc5e4
28.Qh5g6 Ne4xd6
29.Nf7xd6 Rf8xf4
30.Rd1g1 Nc6xe5
31.Qg6e8 Qe7xe8
32.Nd6xe8 g6
33.Ne8g7 Rf4e4
34.Ng7xe6  { time }
1-0

[Event "Tourn. n7838"]
[Site "www.chess-mail.com"]
[Date "2014.12.22"]
[Round "1"]
[White "Iko"]
[Black "Gatrooper"]
[WhiteElo "1500"]
[BlackElo "1330"]
[Result "0-1"]
[Round "1"]
1.e4 e5
2.Ng1f3 Nb8c6
3.Bf1b5 a6
4.Bb5xc6 dxc6
5.Nf3xe5 Qd8e7
6.f4 f6
7.Ne5g4 Qe7xe4
8.Qd1e2 Qe4xe2
9.Kxe2 Bc8xg4
10.Ke1 O-O-O
11.h3 Bg4d7
12.g3 Rd8e8
13.Kf1 Bf8c5
14.Rh1h2 Ng8e7
15.Rh2e2 Bd7xh3
16.Ke1 Bh3g4
17.Re2e4 Ne7d5
18.d3 Re8xe4
19.Kd2 Re4e2
20.Kd1 Bc5b4
21.c3 Bb4c5
22.b4 Bc5f2
23.Bc1d2 Rh8e8
24.Nb1a3 Nd5e3
25.Kc1 Ne3f1
26.Na3b1 Nf1xd2
27.Nb1xd2 Re2e1
28.Kb2 Re1xa1
29.Kxa1 Re8e1
30.Nd2b1 Bf2xg3
31.a4 Bg3xf4
32.c4 Bf4e5
33.Ka2 Bg4d1
34.c5 Re1e2
35.Ka3 Be5b2
36.Ka2 h5
37.d4 h4
38.a5 h3
39.d5 Bb2d4
40.Ka3 h2
41.dxc6 b5
42.Nb1c3 Re2d2
43.Nc3e4 h1Q
44.Ne4xd2 Qh1h3
45.Ka2 Qh3h2
46.Kb1 Qh2h1
47.Kc1 Bd1b3
48.Nd2f1 Qh1xf1
49.Kd2 Qf1d1

0-1

[Event "Tourn. n7761"]
[Site "www.chess-mail.com"]
[Date "2014.12.22"]
[Round "1"]
[White "Libiesse"]
[Black "Samael"]
[WhiteElo "2020"]
[BlackElo "2090"]
[Result "1/2-1/2"]
[Round "1"]
1.d4 d5
2.c4 e6
3.Ng1f3 Ng8f6
4.Bc1g5 Bf8e7
5.Nb1c3 Nb8d7
6.cxd5 exd5
7.e3 h6
8.Bg5h4 c6
9.a3 a6
10.Bf1d3 O-O
11.O-O Nf6h7
12.Bh4g3 Nh7g5
13.b4 Ng5xf3
14.Qd1xf3 Nd7f6
15.Rf1c1 Bc8e6
16.Nc3a4 Rf8e8
17.Na4c5 Qd8c8
18.Nc5a4 Be7d8
19.Bg3e5 Nf6d7
20.Be5f4 Nd7f6
21.Na4c5 Nf6d7
22.Qf3g3 Kh8
23.Nc5xe6 fxe6
24.Bd3g6 Re8f8
25.Bf4xh6 gxh6
26.Qg3h3 Kg7
27.Bg6d3 Nd7f6
28.Qh3g3 Kf7
29.Qg3g6 Ke7
30.Qg6xh6 b5
31.Rc1c3 Bd8c7
32.Ra1c1 Bc7d6
33.Rc3xc6 Qc8d7
34.Bd3g6 Kd8
35.Rc6c7 { draw }
1/2-1/2

[Event "Match"]
[Site "www.echecsemail.com"]
[Date "2014.12.22"]
[Round "1"]
[White "Generalfree"]
[Black "Caspito"]
[WhiteElo "1780"]
[BlackElo "1900"]
[Result "1-0"]
[Round "1"]
1.c4 e5
2.a3 d5
3.cxd5 Qd8xd5
4.Nb1c3 Qd5d8
5.Ng1f3 Nb8c6
6.e3 Bc8g4
7.h3 Bg4h5
8.g4 Bh5g6
9.Bf1b5 a6
10.Bb5xc6 bxc6
11.Nf3xe5 Qd8d6
12.d4 Ng8f6
13.Ne5xg6 hxg6
14.b4 Bf8e7
15.f4 O-O
16.e4 Nf6h7
17.e5 Be7h4
18.Kf1 Qd6e6
19.Qd1f3 Qe6c4
20.Nc3e2 Ra8d8
21.Bc1b2 Qc4c2
22.Bb2c3 Rd8d5
23.Bc3e1 Bh4xe1
24.Ra1xe1 Rf8d8
25.Re1c1 Qc2d2
26.Rc1xc6 a5
27.bxa5 Rd5xa5
28.Rc6xc7 Nh7f8
29.f5 gxf5
30.Qf3xf5 Nf8e6
31.Qf5xf7 Kh8
32.Qf7h5 Kg8
33.Qh5f7 { resign }
1-0

[Event "Match"]
[Site "www.echecsemail.com"]
[Date "2014.12.22"]
[Round "1"]
[White "Generalfree"]
[Black "Maestro"]
[WhiteElo "1840"]
[BlackElo "2010"]
[Result "0-1"]
[Round "1"]
1.e4 c5
2.f4 Ng8f6
3.d3 Nb8c6
4.c3 e5
5.f5 d5
6.exd5 Qd8xd5
7.c4 Qd5d8
8.g4 Qd8c7
9.Bf1g2 Nc6d4
10.Ng1e2 h6
11.Ne2xd4 cxd4
12.a3 Bf8e7
13.Bc1d2 Bc8d7
14.b4 Bd7c6
15.Bg2xc6 Qc7xc6
16.Rh1g1 O-O-O
17.b5 Qc6d7
18.a4 Be7c5
19.a5 Rd8e8
20.Qd1f3 e4
21.Qf3f4 exd3
22.Kd1 Re8e4
23.Qf4g3 Re4xg4
24.Qg3f2 Rg4xg1
25.Qf2xg1 Qd7xf5
26.Qg1xg7 Qf5f1
27.Bd2e1 Rh8e8
28.Qg7g3 Nf6e4
29.Qg3g4 Kb8
30.Qg4d7 Ne4d6
31.Kc1 Re8xe1
32.Kb2 Qf1e2
{ resign }
0-1

[Event "Match"]
[Site "www.echecsemail.com"]
[Date "2014.12.22"]
[Round "1"]
[White "Hundegana"]
[Black "Generalfree"]
[WhiteElo "2000"]
[BlackElo "1770"]
[Result "1-0"]
[Round "1"]
1.b4 d5
2.Bc1b2 Nb8c6
3.a3 a6
4.e3 e5
5.d3 b5
6.Nb1d2 f6
7.Bf1e2 g6
8.Ng1f3 Bf8d6
9.O-O Bc8e6
10.h3 Qd8d7
11.Kh1 g5
12.Nf3h2 O-O-O
13.Nd2b3 Nc6a7
14.Nb3c5 Bd6xc5
15.bxc5 c6
16.d4 e4
17.f3 exf3
18.Be2xf3 Ng8e7
19.Bf3g4 Rd8f8
20.Bg4xe6 Qd7xe6
21.Qd1e2 h5
22.Rf1f2 f5
23.Ra1f1 g4
24.hxg4 hxg4
25.g3 Qe6e4
26.Kg1 Rh8h3
27.Rf2g2 Ne7g6
28.Qe2d3 Qe4xd3
29.cxd3 a5
30.Bb2c1 Kb7
31.Bc1d2 a4
32.Rf1f2 Ng6e7
33.Nh2xg4 Rf8g8
34.Ng4e5 Rg8xg3
35.Rg2xg3 Rh3xg3
36.Kh2 Rg3g7
37.Rf2g2 Rg7xg2
38.Kxg2 Kc8
39.Kg3 Kc7
40.Kf4 Kd8
41.Kg5 Ke8
42.Kf6 Na7c8
43.Bd2e1 Kf8
44.Ne5g6 Ne7xg6
45.Kxg6 Nc8e7
46.Kf6 Ke8
47.Ke6 Kf8
48.Be1b4 Ke8
49.Ke5 Kf7
50.e4 fxe4
51.dxe4 dxe4
52.Kxe4 Ne7d5
53.Bb4d2 Ke6
54.Bd2e1 Kf6
55.Be1h4 Kg6
56.Ke5 Kh5
57.Bh4e1 Kg4
58.Kd6 Nd5e3
59.Kxc6 Ne3c2
60.Be1c3 Nc2xa3
61.d5 Na3c4
62.Kxb5 { resign }
1-0

[Event "Match"]
[Site "www.echecsemail.com"]
[Date "2014.12.22"]
[Round "1"]
[White "Rindrandria"]
[Black "Ranjachess"]
[WhiteElo "1420"]
[BlackElo "1450"]
[Result "1-0"]
[Round "1"]
1.h4 Ng8f6
2.Rh1h3 d5
3.Rh3g3 Nb8c6
4.f4 Bc8f5
5.e3 e6
6.d3 d4
7.e4 Bf5g6
8.Bf1e2 h5
9.Be2f3 Qd8d7
10.c4 O-O-O
11.Bc1d2 Nc6b4
12.Qd1b3 a5
13.Kd1 a4
14.Qb3a3 Nb4c2
15.Qa3xf8 Rh8xf8
16.Kxc2 c5
17.Nb1a3 Nf6h7
18.Na3b5 b6
19.e5 Qd7e7
20.Nb5d6 Kc7
21.b4 Qe7xh4
22.Ng1e2 Qh4e7
23.bxc5 Rd8b8
24.cxb6 Rb8xb6
25.Bd2a5 Rf8b8
26.c5 f6
27.Rg3xg6 fxe5
28.fxe5 Nh7f8
29.Rg6g3 h4
30.Rg3g4 Nf8d7
31.Nd6b5 Kc8
32.Nb5a7 Kc7
33.cxb6 Nd7xb6
34.Rg4xd4 Qe7c5
35.Rd4c4 Qc5xc4
36.dxc4 Kd7
37.Ra1d1 Ke7
38.Na7c6 Ke8
39.Nc6xb8 Nb6xc4
40.Bf3c6 Ke7
41.Rd1d7 Kf8
42.Ba5b4 Kg8
43.Rd7d8 Kf7
44.Bc6e8 Kg8
45.Be8g6 
1-0